|
|
|
|
| LEADER |
00000cam a2200000 a 4500 |
| 001 |
9169 |
| 005 |
20230913092749.0 |
| 008 |
947060|1945 ||||||||r|||||||||||spa|| |
| 040 |
|
|
|b spa
|
| 041 |
1 |
|
|a spa
|
| 082 |
0 |
|
|a 780
|
| 100 |
1 |
|
|a Copland, Aaron
|9 20764
|
| 245 |
|
|
|a Música y músicos contemporáneos
|c Aaron Copland, trad. de Néstor R. Rodríguez Oderigo
|h imp
|
| 264 |
|
|
|a Buenos Aires
|b Losada
|c 1945
|
| 300 |
|
|
|a 269 páginas:
|c 23,5 cm
|
| 504 |
|
|
|a incl. ref.
|
| 650 |
|
7 |
|a Música contemporánea
|9 20765
|
| 852 |
|
|
|a UC-CDJBV
|c ESTANTERIA CERRADA
|f Donación
|k mariana.feican
|l 1
|m Limitada
|p 19470609
|q 48,00
|t 9169
|b 1
|d CDRC
|e CDRC
|g 780 ESTANTERIA CERRADA
|z 1947-70-60
|
| 942 |
|
|
|c BK
|
| 999 |
|
|
|c 11951
|d 11951
|